000 00306nam a22001337a 4500
008 170829b xxu||||| |||| 00| 0 eng d
020 _a9780534561918
041 _aeng
080 _22ND
_a070
100 _a39
101 _aMED
245 _aMANAGEMENT OF ELETRONIC MEDIA
_cALBARRAN,A.B
942 _2udc
_cBK
999 _c25241
_d25241